2 Chainz Discography - Statistics

General Stats
  • This quiz has been taken 11 times
    5 since last reset
  • The average score is 16 of 23
Answer Stats
Year Name Type % Correct
2012 Based on a T.R.U. Story Album
100%
2013 B.O.A.T.S. II: Me Time Album
100%
2016 ColleGrove Album
100%
2017 Pretty Girls Like Trap Music Album
100%
2019 Rap or Go to the League Album
100%
2011 Codeine Cowboy (A 2 Chainz Collective) Mixtape
75%
2022 Dope Don't Sell Itself Album
75%
2014 Freebase Mixtape
75%
2010 Me Against the World 2: Codeine Withdrawal Mixtape
75%
2020 No Face No Case Collaborative Album
75%
2020 So Help Me God! Album
75%
2009 Trap-A-Velli Mixtape
75%
2010 Trap-A-Velli 2: (The Residue) Mixtape
75%
2009 All Ice on Me Mixtape
50%
2016 Daniel Son; Necklace Don Mixtape
50%
2016 Felt Like Cappin Mixtape
50%
2016 Hibachi for Lunch Mixtape
50%
2007 Me Against the World Mixtape
50%
2018 The Play Don't Care Who Makes It EP
50%
2015 Trap-A-Velli Tre Mixtape
50%
2015 T.R.U. Jack City Mixtape
50%
2011 T.R.U. REALigion Mixtape
50%
2022 Million Dollars Worth of Game EP
25%
No matching quizzes found
Score Distribution
Percent of People with Each Score
Percentile by Number Answered
Your Score History
You have not taken this quiz since the last reset